| 000 | 00441nam a22001577a 4500 | ||
|---|---|---|---|
| 003 | GBCCL | ||
| 005 | 20250903150722.0 | ||
| 008 | 250903b |||||||| |||| 00| 0 eng d | ||
| 040 | _cGBC | ||
| 082 |
_aSOU GRA _b2025 |
||
| 245 |
_aGrace Model School NE Tlangnuam : _bSilver Jubilee souvenir 2000-2025 |
||
| 260 |
_aNE Tlangnuam : _bSchool committe, _c2025 |
||
| 300 | _a48p. | ||
| 650 |
_aSouvenir _vGrace model school |
||
| 942 |
_2ddc _cARCH _n0 |
||
| 999 |
_c10932 _d10932 |
||